<?xml version="1.0" encoding="UTF-8"?>
<collection xmlns:xsi="http://www.w3.org/2001/XMLSchema-instance" xsi:schemaLocation="http://www.loc.gov/MARC21/slim http://www.loc.gov/standards/marcxml/schema/MARC21slim.xsd" xmlns="http://www.loc.gov/MARC21/slim">
 <record>
  <leader>00000cam a22000004a 4500</leader>
  <controlfield tag="001">UP-99796217605289229</controlfield>
  <controlfield tag="003">Buklod</controlfield>
  <controlfield tag="005">20230503092542.0</controlfield>
  <controlfield tag="006">aa    r     ||| u </controlfield>
  <controlfield tag="007">ta</controlfield>
  <controlfield tag="008">080210s1951    xx  ca  r    |000 u|eng d</controlfield>
  <datafield tag="015" ind1=" " ind2=" ">
   <subfield code="a">M</subfield>
  </datafield>
  <datafield tag="035" ind1=" " ind2=" ">
   <subfield code="a">(iLib)UPD-00000320015</subfield>
  </datafield>
  <datafield tag="040" ind1=" " ind2=" ">
   <subfield code="a">DECON</subfield>
  </datafield>
  <datafield tag="041" ind1=" " ind2=" ">
   <subfield code="a">eng</subfield>
  </datafield>
  <datafield tag="090" ind1=" " ind2=" ">
   <subfield code="a">HD 82</subfield>
   <subfield code="b">W535 M6</subfield>
  </datafield>
  <datafield tag="245" ind1="1" ind2="0">
   <subfield code="a">Money, trade and economic growth</subfield>
   <subfield code="b">in honor of John Henry Williams.</subfield>
  </datafield>
  <datafield tag="264" ind1=" " ind2="1">
   <subfield code="a">New York</subfield>
   <subfield code="b">Macmillan</subfield>
   <subfield code="c">[c1951].</subfield>
  </datafield>
  <datafield tag="300" ind1=" " ind2=" ">
   <subfield code="a">343 p. : ill., port.</subfield>
  </datafield>
  <datafield tag="340" ind1=" " ind2=" ">
   <subfield code="a">Paper.</subfield>
  </datafield>
  <datafield tag="505" ind1="0" ind2=" ">
   <subfield code="a">Toward a theory of intergovernment trade/ by D. McC. Wright. -- Underdeveloped countries and the international monetary mechanism/ by H.C. Wallich. -- Institutional developments in the intra-European monetary system/ by R. Triffin. -- Eurpoean economic integration/ by C.P. Kindleberger. -- Economic integration of sovereign states : some fundamental problems/ by R.F. Mikesell. -- Policies to make devaluation effective/ by C. Gutt. -- The capital-output ratio in dynamic economics/ by W. Fellner. -- Relative income, absolute income, and saving/ by J. Tobin. -- Principles and rules in modern fiscal policy : a neo-classical reformulation/ by P.A. Samuelson. -- Prices, costs, and profits/ by E.S. Mason. -- Some notes on the theory of interest/ by D.H. Robertson. -- Monetary semantics/ by E.A. Goldenweiser. -- Money, liquidity, and valuation of assets/ by R.A. Musgrave. -- Central banking policy and loan trends in prices/ by L.H. Dupriez. -- The rediscovery of money/ by H.S. Ellis. -- Interest rates and the central bank/ by R.V. Rosa. -- Changing concepts of central banking/ by A. Sproul.</subfield>
  </datafield>
  <datafield tag="600" ind1="0" ind2="0">
   <subfield code="a">Williams, John Henry</subfield>
   <subfield code="d">1887-.</subfield>
  </datafield>
  <datafield tag="650" ind1=" " ind2="0">
   <subfield code="a">Economic policy</subfield>
   <subfield code="v">Addresses, essays, lectures.</subfield>
  </datafield>
  <datafield tag="650" ind1=" " ind2="0">
   <subfield code="a">Finance</subfield>
   <subfield code="v">Addresses, essays, lectures.</subfield>
  </datafield>
  <datafield tag="842" ind1=" " ind2=" ">
   <subfield code="a">Book</subfield>
  </datafield>
  <datafield tag="905" ind1=" " ind2=" ">
   <subfield code="a">FO</subfield>
  </datafield>
  <datafield tag="950" ind1=" " ind2=" ">
   <subfield code="a">Monograph</subfield>
  </datafield>
  <datafield tag="852" ind1="0" ind2=" ">
   <subfield code="a">UPD</subfield>
   <subfield code="b">DECON</subfield>
   <subfield code="h">HD 82 W535 M6</subfield>
  </datafield>
  <datafield tag="942" ind1=" " ind2=" ">
   <subfield code="a">Book</subfield>
  </datafield>
 </record>
</collection>
